Most Commonly Misspelled Countries - Statistics

General Stats
  • This quiz has been taken 43 times
  • The average score is 4 of 9
Answer Stats
Answer % Correct
Kyrgyzstan
88%
Liechtenstein
73%
Philippines
50%
Bosnia and Herzegovina
40%
Mauritius
35%
Djibouti
33%
Morocco
20%
Colombia
18%
Andorra
13%
No matching quizzes found
Score Distribution
Percent of People with Each Score
Percentile by Number Answered
Your Score History
You have not taken this quiz